MDQL
is popping MORE tags! Check the
thread
!
Quizzes
Events
Quiz Creation
Community
Videos
Private Events
Remove Ads
Sign In
Join for FREE
Feedback
Dark Mode
Quiz Categories
Sports
Geography
Music
Movies
Television
Just For Fun
Miscellaneous
History
Literature
Language
Science
Gaming
Entertainment
Religion
Holiday
For Kids
Quiz Lab
Recent
Popular Today
Quiz Kudos Today
Editor Picks
Curator Picks
Quizzes by...
Day
Popularity
Type
Ratings
Length
Year
Community
Subscriptions
Recent Discussions
Orange Saloon
Badges
Playlists
Quests
Create
Leaderboards
Showdown
Live 5
Trivia Bingo
Activity
Puzzle Library
Sporcle Events
Private Events
Virtual Trivia
Globe League
Become a Host
Pub Owners
SporcleCon
Opinionation
Our Games
Videos
Blog
Mobile Apps
Partnerships
Remove Ads and Go Orange
Feedback
Sports
Athletes
MLB
NBA
NHL
NFL
Soccer
Sports Teams
WWE
NCAA
Football
Premier League
Basketball
Baseball
Hockey
Golf
Tennis
Cricket
Rugby
Auto Racing
Olympics
World Cup
Sports
Athletes
MLB
NBA
NHL
NFL
Soccer
Sports Teams
WWE
NCAA
Football
Premier League
Basketball
Baseball
Hockey
Golf
Tennis
Cricket
Rugby
Auto Racing
Olympics
World Cup
Random Quiz
Search Sporcle
×
Quiz Lab
Quiz Lab
Sports
Decade
Type in answers that appear in a list
Type in answers that appear in a list
Classic
Best Score? Go Orange.
Best and Worst Fielders of the Decade Stats
Can you name the best and worst fielders of the decade?
By
sox8998
5m
17 Questions
250 Plays
250 Plays
250 Plays
Comments
Comments
Give Quiz Kudos
Give Quiz Kudos
-
- Ratings
hide this ad
More Info
Replay
Link that replays current quiz
Next Quiz
Link to next quiz in quiz playlist
You Got
0%
They Got
Avg Score
26%
Avg Friend Score
Upgrade to see
Score Distribution
Jump to the score distribution portion of the page
Score
0/17
Timer
05:00
0
Plays Today
Category
Player
% Correct
Best Fielder
Ivan Rodriguez
83.2%
Best Fielder
Albert Pujols
65.2%
Best Fielder
Ichiro Suzuki
58.8%
Best Fielder
Andruw Jones
50%
Best Fielder
Chase Utley
40%
Best Fielder
Scott Rolen
38.4%
Best Fielder
Kenny Rogers
19.2%
Best Fielder
Carl Crawford
18%
Worst Fielder
Michael Young
16.8%
Category
Player
% Correct
Worst Fielder
Bernie Williams
13.6%
Worst Fielder
Carlos Delgado
12.8%
Best Fielder
Adam Everett
10%
Worst Fielder
Hideki Matsui
9.2%
Worst Fielder
Michael Barrett
6.8%
Worst Fielder
Brad Hawpe
5.6%
Worst Fielder
Jose Vidro
3.2%
Worst Fielder
Ty Wigginton
2%
Quiz Playlist
Details
Report
Send in Message
Add To Playlist
More Info:
ESPN.com's Rob Neyer created a formula to make this list. He is a baseball specialist.
Classic:
Type in answers that appear in a list
Quiz Source
Last Updated: Feb 16, 2017
Quiz Scoreboard
CHALLENGE
Sign Up to Join the Scoreboard
Show All
Scores
Hide
Comments
May contain spoilers
Recently Published
Find the 'City' Movie
by crazypaving
Movies
60s
5x2 Blitz: Bands
by SL_Kpop136
Music
30s
Colored Red Africa Blitz
by spor1
Geography
30s
More to Explore
Quiz From the Vault
Featured Blog Post
14 Easter Pick-up Lines to Find Eggs With
hide this ad
You Might Also Like...
Tags
Decade Quiz
Football Quiz
Category
Fielder
Player
Worst
Today's Top Quizzes in Sports
Browse Sports
hide this ad
Today's Top Quizzes in Decade
Browse Decade
Top Contributed Quizzes in Sports
1
Players with Multiple 50 Home Run Seasons
2
Criteria MLB: Left Handed Sluggers
3
MLB Players with Two .350 Batting Average Seasons
4
Who Hit More Homers?
5
Premier League Clubs since 2000 (minefield)
6
Who Needs Fielders?
7
2020 F1 Drivers Logic Puzzle
8
Les entraîneurs de l'OM et du PSG au 21e siècle
9
Top 10 NHL Goal Scorers of All Time
10
MLB Hall of Famer by Rings
Explore More
Trending Topics
Kpop
Crossword
NBA
Anime
Harry Potter
Disney
Marvel
NFL
Country
Song
WWE
Puzzle
The Office
Soccer
Pokémon
hide this ad
More By:
sox8998
Quiz
Plays
Rating
Category
Featured
Created
NBA All-Star Game MVPs
361,737
4.38
Sports
Feb 15, 2010
2011 NBA Playoff Starters
7,364
3.38
Sports
Apr 19, 2011
SI's All-Decade Football Team
6,314
3.76
Sports
Jan 6, 2010
NBA 2010 All-Star Game
2,423
3.65
Sports
Jan 21, 2010
Presidential Election Mania
830
4.75
History
May 29, 2013
Go to Creator's Profile
Score Distribution
Quiz Creator Spotlight
sox8998
Follow
Send a Message
Quizzes Created
-
Created Quiz Play Count
-
More By This Creator
Popular Quizzes Today
1
Colored Red Africa Blitz
2
Find the 'City' Movie
3
5x2 Blitz: Bands
4
Find the US States - No Outlines Minefield
5
The Countries of the World
6
Find the US States
7
US States
8
9x9 Crossword: Cartoon Network
More Sports Quizzes
Quick Pick: Cardinals - Cubs
Quiz Lab
Trending Quizzes
Colored Red Europe Blitz I
Colored Red Africa Blitz II
Colored Red Africa Blitz III
Colored Red Europe Blitz III
Colored Red Europe Blitz II
Recently Updated
Champions League XIs: Real Madrid
pecheneg
Largest US Cities 1790-2010
pecheneg
Rides in Walt Disney World
pecheneg
Most Oscar Losses (Acting)
pecheneg
Beyoncé Albums
pecheneg
Leaping Animals
pecheneg
Reality TV Shows (A-Z)
bhenderson79
Rickey Henderson's Hall of Fame Teammates
pecheneg
Champions League XIs: Arsenal
pecheneg
Quick Pick: Celebrities in WWE's Hall of Fame
aduchscher
Trending Topics
Marvel
Anime
Harry Potter
Crossword
NBA
Kpop
Disney
WWE
Puzzle
NFL
Song
The Office
Pokémon
Soccer
Country
Your Account Isn't Verified!
In order to create a playlist on Sporcle, you need to verify the email address you used during registration. Go to your
Sporcle Settings
to finish the process.
Report this User
Report this user for behavior that violates our
Community Guidelines
.
Details:
Send Report
Go to the Sporcle.com Mobile Site →
Comments